000 02303cam a22002891i 4500
003 SA-RiAUC
005 20241023133834.0
008 241019s1987 le g 000r0 ara c
040 _aQA-DoQUL
_bara
_cSA-RiAUC
_erda
050 4 _bI26. 1987
082 0 4 _a258.4
090 _a258.4
_b ا ب ن ج
100 1 _aابن الجوزي، عبد الرحمن بن علي بن محمد،
_d508-597 هجري
_eمؤلف.
245 1 2 _aالباز الأشهب المنقض على مخالفي المذهب /
_cأبو الفرج عبد الرحمن بن علي بن محمد ابن الجوزي ؛ تحقيق محمد منير الإمام.
250 _aالطبعة الأولى.
264 1 _aبيروت :
_bدار الجنان،
_c1987
300 _a152 صفحة ؛
_c24 سم
336 _aنص
_btxt
_2rdacontent
_3كتاب
337 _aبدون وسيط
_bn
_2rdamedia
338 _aمجلد
_bnc
_2rdacarrier
650 7 _aالفقه الحنبلي
_2aucsh
700 1 _aالإمام، محمد منير
_eمحقق.
856 _uhttp://www.alwaraq.net/Core/AlwaraqSrv/bookpage?book=1012&option=1&fkey=2&page=1
_yDigital Copy
_2 نرجو الانتباه لإمكانية وجود اختلاف في الطبعة أو الناشر بين البيانات على البوابة وما ستجده على الكتاب نظرا لمحدودية المعلومات المتاحة على الموقع الناشر للمادة.
_3Please note that there may be a difference in the edition or publisher between the data on the portal and the book due to the limited information available on the publisher website for the material.
856 _uhttp://www.alwaraq.net/Core/waraq/coverpage?bookid=1012&option=1
_yExternal Link
_2 نرجو الانتباه لإمكانية وجود اختلاف في الطبعة أو الناشر بين البيانات على البوابة وما ستجده على الكتاب نظرا لمحدودية المعلومات المتاحة على الموقع الناشر للمادة.
_3Please note that there may be a difference in the edition or publisher between the data on the portal and the book due to the limited information available on the publisher website for the material.
942 _2ddc
_cBOOK
_n0
949 _aSA-JeALM
_d241019
_umohamedma123
_n1
999 _c1632
_d1632